00772aas a2200205 4500952009000000999001700090001001000107003001000117005001700127008004100144022001400185040004100199041000800240245006200248300004600310520011900356650001300475773007000488942000800558 001040708HEMaFUSBCbFUSBCd2016-01-26l0o r2016-01-26 00:00:00w2016-01-26yANA c63518d63518768714001CO-MdFUSB20171027114331.0171027s2010 ck ||||| |||| 00| 0 spa d a2145-8197 aCO-MdFUSBbspacCO-MdFUSBdCO-MdFUSB aspa 0aEE.UU. inicia guerras en Irak y Afganistánc/ El Tiempo aNúmero 10 (2010), página 40c: 28 cm.1 aAl terminar la década, los soldados estadounidenses seguirán en estos países. Se programa el retiro de Irak.14aHISTORIA0 tdk100049432959929gNúmero 10 (2010), página 40qPágina 40 cANA